Kapacita a výkony ubytovacích zařízení za 4. čtvrtletí 1980 kumulované údaje 1.-4. čtvrtletí 1980
Salvato in:
| Natura: | Libro |
|---|---|
| Lingua: | ceco |
| Pubblicazione: |
Praha
Federální statistický úřad
1981
|
| Serie: | Statistické informace
č.j. 1510/IV-80 |
| Tags: |
Nessun Tag, puoi essere il primo ad aggiungerne!!
|
MARC
| LEADER | 00000nam a2200000 4500 | ||
|---|---|---|---|
| 001 | c142677 | ||
| 005 | 20041019155325.5 | ||
| 041 | 0 | |a cze | |
| 044 | |a CZ | ||
| 245 | 1 | 0 | |a Kapacita a výkony ubytovacích zařízení za 4. čtvrtletí 1980 |b kumulované údaje 1.-4. čtvrtletí 1980 |
| 264 | 1 | |a Praha |b Federální statistický úřad |c 1981 | |
| 300 | |a 452 s. | ||
| 490 | 1 | |a Statistické informace |v č.j. 1510/IV-80 | |
| 830 | 0 | |a Statistické informace |v č.j. 1510/IV-80 | |